| 000 | 00380 a2200157 4500 | ||
|---|---|---|---|
| 003 | Nust | ||
| 005 | 20230124090127.0 | ||
| 040 | _cNust | ||
| 082 | _a811.54,BRA | ||
| 100 |
_aBrautigan, Richard _9107470 |
||
| 245 |
_aRommel Drives on Deep Into Egypt / _cBrautigan Richard, |
||
| 260 |
_aNew York _bDelacorte press |
||
| 300 | _a85:p | ||
| 650 |
_aPoems _91446 |
||
| 942 |
_2ddc _cBK |
||
| 999 |
_c186768 _d186768 |
||